Corporatte social responsibility as an element of cooperation between non-governmental organisations and local companies

Spolupráca medzi podnikateľským sektorom a mimovládnymi organizáciami. Modely rozvoja tohto typu spolupráce. Charakteristika mimovládnych organizácií. Koncepcie podnikovej sociálnej zodpovednosti. Prípadové štúdie.

Guardado en:
Detalles Bibliográficos
Autor principal: Kogut, Justyna
Formato: Capítulo de libro
Lenguaje:inglés
Materias:
Etiquetas: Agregar Etiqueta
Sin Etiquetas, Sea el primero en etiquetar este registro!

MARC

LEADER 00000naa a2200000 4500
001 0229808
005 20220718121353.9
041 0 |a eng 
044 |a SK 
245 1 0 |a Corporatte social responsibility as an element of cooperation between non-governmental organisations and local companies  |c Justyna Kogut 
520 |a Spolupráca medzi podnikateľským sektorom a mimovládnymi organizáciami. Modely rozvoja tohto typu spolupráce. Charakteristika mimovládnych organizácií. Koncepcie podnikovej sociálnej zodpovednosti. Prípadové štúdie. 
610 2 0 |a organizácie ziskové 
610 2 0 |a organizácie neziskové 
610 2 0 |a kooperácia 
610 2 0 |a zodpovednosť podniku spoločenská 
610 2 0 |a modely 
610 2 0 |a štúdie prípadové 
100 1 |a Kogut, Justyna